000 005440000a22001810004500
003 MACL
005 20160525163325.0
008 160525b xxu||||| |||| 00| 0 eng d
040 _aMACL
_cMACL
041 _aHindi
082 _a891.432
100 _aदीपक, स्‍वेदश
_957301
245 _aकोर्ट मार्शल
_cस्‍वदेश दीपक
260 _bराजकमल प्रकाशन
_c1991
_aपटना
350 _a50
650 _aDrama
_959556
942 _cHIN
_k891.432/DEE/D
_2ddc
999 _c21316
_d21316